Bhavani Prasad misra ke aayam/ (Record no. 61440)
[ view plain ]
| 000 -LEADER | |
|---|---|
| fixed length control field | 00373nam a22001457a 4500 |
| 082 ## - DEWEY DECIMAL CLASSIFICATION NUMBER | |
| Classification number | H1 007 |
| Item number | LAK/B |
| 100 ## - MAIN ENTRY--AUTHOR NAME | |
| Personal name | Lakshman Kediya |
| 245 ## - TITLE STATEMENT | |
| Title | Bhavani Prasad misra ke aayam/ |
| Statement of responsibility, etc | by Lakshman Kediya |
| 260 ## - PUBLICATION, DISTRIBUTION, ETC. (IMPRINT) | |
| Place of publication | Calcutta: |
| Name of publisher | Samakaleen Srujan, |
| Year of publication | 1995. |
| 300 ## - PHYSICAL DESCRIPTION | |
| Number of Pages | 285p. |
| 650 ## - SUBJECT ADDED ENTRY--TOPICAL TERM | |
| Topical Term | Poetry Hindi Study |
| 650 ## - SUBJECT ADDED ENTRY--TOPICAL TERM | |
| Topical Term | Literature Hindi |
| 650 ## - SUBJECT ADDED ENTRY--TOPICAL TERM | |
| Topical Term | Literature |
| 942 ## - ADDED ENTRY ELEMENTS (KOHA) | |
| Koha item type | Book |
| Withdrawn status | Lost status | Damaged status | Not for loan | Permanent Location | Current Location | Shelving location | Date acquired | Cost, normal purchase price | Full call number | Accession Number | Price effective from | Koha item type |
|---|---|---|---|---|---|---|---|---|---|---|---|---|
| Sree Sankaracharya University of Sanskrit | Sree Sankaracharya University of Sanskrit | Stacks | 05.08.2016 | 125.00 | H1 007 LAK/B | 021285 | 05.08.2016 | Book |